[Event "Open"]
[Site "Pula CRO"]
[Date "2001.05.20"]
[Round "3"]
[White "Pavasovic,D"]
[Black "Panchenko,AN"]
[Result "1-0"]
[WhiteElo "2515"]
[BlackElo "2377"]

1.e4 c5 2.c3 Nf6 3.e5 Nd5 4.Nf3 Nc6 5.d4 cxd4 6.cxd4 d6 7.Bc4 Nb6 8.Bb3 dxe5
9.d5 Na5 10.Nc3 Nxb3 11.Qxb3 e6 12.Nxe5 exd5 13.Be3 Bd6 14.Qb5+ Bd7 15.Nxd7 Qxd7
16.O-O-O Qxb5 17.Nxb5 Kd7 18.Bxb6 axb6 19.Rxd5 Kc6 20.Rhd1 Bc5 21.Nc3 Rhe8
22.a3 Re7 23.Kc2  1-0

[Event "Open"]
[Site "Pula CRO"]
[Date "2001.05.20"]
[Round "3"]
[White "Kos,T"]
[Black "Cvitan,O"]
[Result "0-1"]
[WhiteElo "2402"]
[BlackElo "2526"]

1.e4 c5 2.c3 Nf6 3.e5 Nd5 4.d4 cxd4 5.cxd4 e6 6.Nf3 d6 7.Bc4 Nc6 8.O-O Be7
9.Qe2 O-O 10.Nc3 Nxc3 11.bxc3 dxe5 12.dxe5 Qa5 13.Bd3 Rd8 14.Bg5 h6 15.Bxe7 Nxe7
16.Qe4 Ng6 17.h4 Bd7 18.h5 Bc6 19.Qe3 Nf4 20.Bb1 Bxf3 21.gxf3 Nxh5 22.Be4 Rac8
23.Rac1 g5 24.Bb1 Rc4 25.Rfd1 Nf4 26.Rd6 Rxd6 27.exd6 Qd5  0-1

[Event "TCh-YUG Women"]
[Site "Herceg Novi YUG"]
[Date "2001.05.21"]
[Round "8"]
[White "Maric,M"]
[Black "Miloradovic,J"]
[Result "1/2-1/2"]
[WhiteElo "2312"]
[BlackElo "2180"]

1.e4 c5 2.c3 Nf6 3.e5 Nd5 4.g3 d6 5.exd6 Qxd6 6.Bg2 e6 7.Nf3 Be7 8.O-O O-O
9.d4 cxd4 10.Nxd4 Rd8 11.Qb3 Na6 12.Nd2 Nc5 13.Qc2 Bf6 14.N2f3 h6 15.a3 Bd7
16.c4 Ne7 17.Be3 Rac8 18.b4 Na4 19.Qb3 Qb8 20.Rac1 Nb6 21.Rfe1 Ng6 22.h4 Ba4
23.Qa2 Nd7 24.b5 Nc5 25.h5 Nf8 26.Rb1 e5 27.Nc6 bxc6 28.Bxc5 cxb5 29.Bxf8 Kxf8
30.cxb5 Rc2 31.Rb2 Rxb2 32.Qxb2 Qxb5 33.Qc1 Bb3 34.Kh2 Be6 35.Qc7 Qd7 36.Qxd7 Rxd7
37.Nxe5 Bxe5 38.Rxe5 Rd2 39.Kg1 Rd1+ 40.Kh2 Rd2 41.Kg1  1/2-1/2

[Event "TCh-YUG Women"]
[Site "Herceg Novi YUG"]
[Date "2001.05.22"]
[Round "9"]
[White "Dragasevic Georgieva,A"]
[Black "Prudnikova,S"]
[Result "0-1"]
[WhiteElo "2164"]
[BlackElo "2419"]

1.e4 c5 2.c3 Nf6 3.e5 Nd5 4.Nf3 Nc6 5.Bc4 Nb6 6.Bb3 c4 7.Bc2 Qc7 8.Qe2 g5
9.e6 dxe6 10.Nxg5 Qe5 11.d4 cxd3 12.Bxd3 Qxe2+ 13.Bxe2 Bg7 14.O-O e5 15.Na3 O-O
16.Nc4 Nd5 17.Rd1 Nf4 18.Bf3 h6 19.Bxf4 exf4 20.Bxc6 hxg5 21.Bd7 b6 22.Bxc8 Rfxc8
23.Nd2 b5 24.Ne4 g4 25.Rd5 b4 26.cxb4 Rc4 27.Re1 Rxb4 28.b3 Rc8 29.Rc5 Rd8
30.Rc4 Rxc4 31.bxc4 Rd4 32.c5 Rc4 33.Kf1 Bd4 34.Ke2 Bxc5 35.Nxc5 Rxc5 36.Kd3 Rh5
37.h4 gxh3 38.gxh3 Rxh3+ 39.Ke4 Ra3 40.Kxf4 Rxa2 41.Rxe7 Rxf2+ 42.Kg5 a6
43.Ra7 Rg2+ 44.Kf5 Rg6 45.Ra8+ Kg7 46.Ra7 Rb6 47.Ke5 Rb5+ 48.Kf4 a5 49.Ra6 f6
50.Ra8 Re5 51.Kg4 Rb5 52.Kf4 Kg6 53.Rg8+ Kf7 54.Ra8 Ke6 55.Re8+ Kd5 56.Kf5 a4
57.Kxf6 Rb6+ 58.Kf5 Ra6 59.Rd8+ Kc4 60.Rc8+ Kd4 61.Rd8+ Ke3 62.Rh8 a3 63.Rh3+ Kd4
64.Rh4+ Kd5  0-1

[Event "6th Stuttgart Open"]
[Site "Ditzingen GER"]
[Date "2001.05.24"]
[Round "1"]
[White "Junginger,A"]
[Black "Fahnenschmidt,G"]
[Result "0-1"]
[WhiteElo "2020"]
[BlackElo "2285"]

1.e4 c5 2.c3 Nf6 3.e5 Nd5 4.d4 cxd4 5.cxd4 g6 6.Nf3 Bg7 7.Bc4 Nb6 8.Bb3 O-O
9.O-O d6 10.Nc3 Bg4 11.h3 Bxf3 12.Qxf3 Nc6 13.exd6 Qxd6 14.d5 Nd4 15.Qd1 Nxb3
16.Qxb3 Bxc3 17.bxc3 Qxd5 18.Qb4 e5 19.Bh6 Rfd8 20.Qe7 Qd6 21.Qxb7 Rd7 22.Qf3 f5
23.Rfd1 Qe6 24.Rxd7 Qxd7 25.Rd1 Qc7 26.c4 Rc8 27.c5 Qxc5 28.Qb7 Qc7 29.Rd8+ Kf7
30.Rh8 Qxb7 31.Rxh7+ Kf6 32.Rxb7 g5 33.Rxa7 Kg6 34.Ra6 Rc1+ 35.Kh2 Kxh6 36.Rxb6+ Kg7
37.Rb5 Kf6 38.a4 e4 39.a5 Ra1 40.g3 Ra2 41.Kg1 f4 42.gxf4 gxf4 43.h4 f3 44.h5 Ra1+
45.Kh2 e3 46.Rb6+ Kg5 47.Rb5+ Kh6  0-1

[Event "TCh-YUG Women"]
[Site "Herceg Novi YUG"]
[Date "2001.05.24"]
[Round "11"]
[White "Maric,M"]
[Black "Cosma,E"]
[Result "1/2-1/2"]
[WhiteElo "2312"]
[BlackElo "2331"]

1.e4 c5 2.c3 Nf6 3.e5 Nd5 4.d4 cxd4 5.Nf3 Nc6 6.cxd4 d6 7.Bc4 Nb6 8.Bb5 dxe5
9.Nxe5 Bd7 10.Bxc6 Bxc6 11.Nxc6 bxc6 12.O-O g6 13.Re1 Bg7 14.Bg5 O-O 15.Bxe7 Qxd4
16.Nc3 Qxd1 17.Raxd1 Rfe8 18.Bc5 Nc4 19.Rxe8+ Rxe8 20.Na4 Bxb2 21.Bxa7 Bf6
22.g3 Re2 23.Rc1 Ne5 24.Nc3 Rb2 25.Ne4 Bg7 26.Rd1 h6 27.a3 f5  1/2-1/2

[Event "Open"]
[Site "Pula CRO"]
[Date "2001.05.25"]
[Round "8"]
[White "Pavasovic,D"]
[Black "Palac,M"]
[Result "0-1"]
[WhiteElo "2515"]
[BlackElo "2605"]

1.e4 c5 2.c3 Nf6 3.e5 Nd5 4.Nf3 d6 5.Bc4 Nb6 6.Bb3 c4 7.Bc2 dxe5 8.Nxe5 N8d7
9.Qh5 g6 10.Qe2 Nxe5 11.Qxe5 f6 12.Qe2 Qd5 13.O-O Bf5 14.Bxf5 Qxf5 15.Na3 Qd3
16.Qe6 Rc8 17.Nb5 Rc6 18.Qg4 h5 19.Qd1 Rc5 20.Nd4 e5 21.Re1 g5 22.Re3 Qg6
23.Ne6 Rc6 24.Nxf8 Kxf8 25.d4 Rd6 26.b3 Kg7 27.Ba3 Rd7 28.bxc4 Nxc4 29.Re1 Qf7
30.Qb3 exd4 31.cxd4 Nb6 32.Re6 Re8 33.Rxe8 Qxe8 34.Bc5 Qf7 35.Bxb6 Qxb3 36.axb3 axb6
37.Rd1 Kf7 38.Kf1 Rd5 39.Ke2 Rb5 40.Rd3 Ke6 41.Kd2 Ra5 42.Kc3 g4 43.h3 f5
44.Re3+ Kd6 45.f4 Ra2 46.hxg4 hxg4 47.g3 Ra5 48.Re5 Rd5 49.Re8 b5 50.Rf8 Kc6
51.Rf6+ Kd7 52.Rf7+ Kc6 53.Kd3 b6 54.Rf6+ Kc7 55.Ke3 Kb7 56.Re6 Kc7 57.Re7+ Kd6
58.Re5 Kc6 59.Kd3 Kd6 60.Kc2 Kc6 61.Kc3 Kd6 62.Kb4 Rxd4+ 63.Kxb5 Rd5+ 64.Rxd5+ Kxd5
65.Kxb6 Ke4 66.b4 Kf3 67.b5 Kxg3 68.Kc6 Kf3 69.b6 g3 70.b7 g2 71.b8=Q g1=Q
72.Kd5 Qc1 73.Ke6 Qxf4 74.Qb3+ Kg4 75.Qd1+ Kg3 76.Qd3+ Kg4  0-1

[Event "TCh-YUG Final"]
[Site "Herceg Novi YUG"]
[Date "2001.05.26"]
[Round "1.2"]
[White "Markovic,Miros"]
[Black "Ilincic,Z"]
[Result "1/2-1/2"]
[WhiteElo "2539"]
[BlackElo "2542"]

1.e4 c5 2.c3 Nf6 3.e5 Nd5 4.d4 cxd4 5.Nf3 Nc6 6.Bc4 Nb6 7.Bb3 d5 8.exd6 Qxd6
9.Na3 a6 10.O-O e6 11.cxd4 Be7 12.Be3 O-O 13.Ne5 Nxe5 14.dxe5 Qxd1 15.Raxd1 Nd5
16.Bxd5 exd5 17.Nc2 Be6 18.Nd4 g6 19.h3 h5 20.f3 Rac8 21.g4 hxg4 22.hxg4 Kg7
23.Kg2 Rh8 24.Rc1 Bd7 25.a3 Rxc1 26.Rxc1 Rc8 27.Rxc8 Bxc8 28.Nc2 f6 29.exf6+ Bxf6
30.b3 g5 31.Kg3 Be5+ 32.Kf2 Kf6 33.Bb6 Bd7 34.Nb4 Be6 35.Nd3 Bd6 36.Bd4+ Kg6
37.a4 Kh6 38.Ke3 Bg8 39.Bc5 Bh2 40.Kd4 Kg6 41.b4 Bf7 42.Ne5+ Bxe5+ 43.Kxe5 Be8
44.a5 Bb5 45.f4 gxf4 46.Kxf4  1/2-1/2

[Event "XXVI Elekes Mem IM"]
[Site "Budapest HUN"]
[Date "2001.05.30"]
[Round "10"]
[White "Jamrich,G"]
[Black "Wang Shuai"]
[Result "0-1"]
[WhiteElo "2271"]
[BlackElo "2156"]

1.e4 c5 2.c3 Nf6 3.e5 Nd5 4.d4 cxd4 5.Nf3 Nc6 6.Bc4 Nb6 7.Bb3 d5 8.exd6 Qxd6
9.O-O Be6 10.Na3 Bxb3 11.Qxb3 Qd5 12.Nb5 Rc8 13.Nbxd4 Nxd4 14.Nxd4 e6 15.Be3 Nc4
16.Qa4+ Qd7 17.Qxa7 Bc5 18.Qxc5 Rxc5 19.Nxe6 Nxe3 20.Nxc5 Qc6 21.fxe3 Qxc5
22.Rae1 O-O 23.Rf4 Qd5 24.Rb4 Re8 25.Kf2 g6 26.a3 Re5 27.Re2 Re4 28.Rd4 Qc6
29.h3 Kg7 30.Kg1 Re6 31.Kf2 g5 32.e4 Qc7 33.Rd3 Rf6+ 34.Kg1 Qf4 35.Rf3 Qc1+
36.Kf2 Rxf3+ 37.gxf3 Qh1 38.Kg3 h5 39.e5 Qg1+  0-1

[Event "2nd IECC"]
[Site "Ohrid MKD"]
[Date "2001.06.01"]
[Round "1"]
[White "Rabiega,R"]
[Black "Sakaev,K"]
[Result "0-1"]
[WhiteElo "2517"]
[BlackElo "2637"]

1.e4 c5 2.c3 Nf6 3.e5 Nd5 4.Nf3 e6 5.Bc4 d6 6.O-O dxe5 7.Nxe5 Bd6 8.d4 O-O
9.Qe2 Qc7 10.Qe4 Nd7 11.Re1 cxd4 12.cxd4 Nxe5 13.dxe5 Bxe5 14.Qxe5 Qxc4 15.Nc3 Nxc3
16.bxc3 f6 17.Qg3 e5 18.f4 e4 19.Be3 Bd7 20.Bd4 Bc6 21.Re3 a5 22.Qh4 Rad8
23.Rf1 Qxa2 24.Rh3 h6 25.Rg3 Kh8 26.f5 Rxd4 27.cxd4 Qd2 28.Qg4 Qxd4+ 29.Kh1 Qd7
30.Rd1 Qf7 31.Qf4 a4 32.Rd6 Ra8 33.Qd2 Kh7 34.Qc1 Ra5 35.h3 Rxf5 36.Qc2 Qe7
37.Rd1 Re5 38.Re3 f5 39.Rf1 Rc5 40.Qf2 Qe5 41.Qh4 b5  0-1

[Event "ch-CRC"]
[Site "San Jose CRC"]
[Date "2001.06.02"]
[Round "6"]
[White "Granados,C"]
[Black "Trejos,E"]
[Result "1-0"]
[WhiteElo "2239"]
[BlackElo "2200"]

1.e4 c5 2.c3 Nf6 3.e5 Nd5 4.d4 cxd4 5.Nf3 Nc6 6.Bc4 Nb6 7.Bb3 d6 8.exd6 Qxd6
9.O-O d3 10.Na3 Bf5 11.Nb5 Qd7 12.Be3 Nc8 13.Nfd4 f6 14.Nxf5 Qxf5 15.Nd4 Qe4
16.Nf3 Qg6 17.Bc4 Nd6 18.Bxd3 Qf7 19.Nd4 Nxd4 20.Bxd4 e5 21.Bc5 Qd7 22.Qb3 a6
23.Rad1 Qf7 24.Qb6 Rc8 25.Bc2 Nb5 26.Bb3  1-0

[Event "IHEM"]
[Site "Hamburg GER"]
[Date "2001.06.03"]
[Round "2"]
[White "Engelbert,C"]
[Black "Reddmann,H"]
[Result "0-1"]
[WhiteElo "2238"]
[BlackElo "2337"]

1.e4 c5 2.c3 Nf6 3.e5 Nd5 4.d4 cxd4 5.Nf3 e6 6.cxd4 Nc6 7.Bc4 Nce7 8.Nbd2 Nb6
9.Bb3 d5 10.exd6 Nf5 11.O-O Bxd6 12.Ne4 O-O 13.Bd2 Be7 14.Ba5 Bd7 15.Qd3 Bc6
16.Rfd1 g6 17.Ne5 Rc8 18.f3 Qc7 19.g4 Nh4 20.Be1 Bd5 21.Bg3 Qd8 22.Rac1 Rxc1
23.Rxc1 Bxb3 24.axb3 f5 25.Nc5 Qd5 26.Bxh4 Bxh4 27.Kg2 Bf6 28.Re1 Rd8 29.Nc4 Nxc4
30.Qxc4 Qxc4 31.bxc4 Rxd4 32.Rxe6 Kf7 33.gxf5 gxf5 34.Re2 b6 35.Nb3 Rxc4
36.Rd2 Rb4  0-1

[Event "2nd IECC"]
[Site "Ohrid MKD"]
[Date "2001.06.04"]
[Round "4"]
[White "Basagic,Z"]
[Black "Delchev,A"]
[Result "0-1"]
[WhiteElo "2345"]
[BlackElo "2584"]

1.e4 c5 2.c3 Nf6 3.e5 Nd5 4.g3 d6 5.exd6 Qxd6 6.Bg2 Nc6 7.Ne2 Bg4 8.h3 Bh5
9.O-O e6 10.Na3 Qd7 11.Nc4 Rd8 12.g4 Bg6 13.d4 h5 14.g5 Be7 15.dxc5 Bxc5
16.b4 b5 17.Na3 Bb6 18.Nxb5 Ncxb4 19.cxb4 Qxb5 20.Nd4 Qd7 21.Nf3 O-O 22.Ne5 Qd6
23.Nxg6 fxg6 24.Kh1 Qe5 25.Qe1 Qxa1 26.Qxe6+ Kh7 27.Bxd5 Rxf2 28.Re1 Rxd5  0-1

[Event "ch-CRC"]
[Site "San Jose CRC"]
[Date "2001.06.04"]
[Round "8"]
[White "Granados,C"]
[Black "Gonzalez,Bernal"]
[Result "0-1"]
[WhiteElo "2239"]
[BlackElo "2417"]

1.e4 c5 2.c3 Nf6 3.e5 Nd5 4.d4 cxd4 5.Nf3 Nc6 6.Bc4 Nb6 7.Bb3 d5 8.exd6 Qxd6
9.O-O Be6 10.Na3 Bxb3 11.Qxb3 Qd5 12.Nb5 Rc8 13.Nbxd4 Nxd4 14.Nxd4 e6 15.Be3 Bc5
16.Qb5+ Qd7 17.Qe2 Nd5 18.Rad1 O-O 19.Bc1 Qe7 20.Qf3 Rfd8 21.Rfe1 Qf6 22.Qg3 h6
23.Qe5 Qxe5 24.Rxe5 Bxd4 25.cxd4 Rc2 26.Kf1 Rdc8 27.Ree1 a5 28.h3 b5 29.g4 a4
30.h4 R8c4 31.Kg2 Nb4 32.b3 axb3 33.axb3 Rc6 34.h5 Nd5 35.Bd2 Rb2 36.Rc1 Rxc1
37.Bxc1 Rxb3 38.f4 Rb1 39.Kf3 b4  0-1

[Event "It"]
[Site "Bibinje CRO"]
[Date "2001.06.07"]
[Round "6"]
[White "Ljubicic,F"]
[Black "Bistric,F"]
[Result "0-1"]
[WhiteElo "2397"]
[BlackElo "2454"]

1.e4 c5 2.c3 Nf6 3.e5 Nd5 4.d4 cxd4 5.Nf3 Nc6 6.Bc4 e6 7.Bxd5 exd5 8.O-O d6
9.Bg5 Qb6 10.Re1 Be6 11.cxd4 dxe5 12.dxe5 Qxb2 13.Nbd2 Bc5 14.Rb1 Qa3 15.Rxb7 Bb6
16.Qe2 O-O 17.Nb1 Qb4 18.Be3 d4 19.Bd2 Qc4 20.Qe4 Qd5 21.Qh4 Rae8 22.Ng5 Bf5
23.f4 h6 24.Nh3 Re6 25.Nf2 Rg6 26.g3 Qf3 27.Rc1 Bd8  0-1

[Event "2nd IECC"]
[Site "Ohrid MKD"]
[Date "2001.06.07"]
[Round "7"]
[White "Nevednichy,V"]
[Black "Mrva,Mart"]
[Result "1-0"]
[WhiteElo "2563"]
[BlackElo "2479"]

1.e4 c5 2.c3 Nf6 3.e5 Nd5 4.Nf3 e6 5.d4 cxd4 6.cxd4 b6 7.Nc3 Nxc3 8.bxc3 Qc7
9.Bd2 Be7 10.h4 Ba6 11.Bxa6 Nxa6 12.Qe2 Qb7 13.O-O h6 14.a4 Nc7 15.c4 d5
16.exd6 Bxd6 17.Rfb1 O-O 18.a5 Qc6 19.Rb3 Rac8 20.axb6 axb6 21.Ne5 Bxe5 22.dxe5 Ra8
23.Rab1 Ra4 24.Rg3 Qxc4 25.Qxc4 Rxc4 26.Bxh6 Kh7 27.Bxg7 Rg8 28.Bf6 Rxg3
29.fxg3 Nd5 30.Kh2 Kg6 31.Bg5 Rb4 32.Ra1 b5 33.Ra8 Re4 34.Rg8+ Kh7 35.Rb8 b4
36.Bd2 Rd4 37.Be1 Kg6 38.Kh3 Re4 39.Bd2 Rd4 40.Be1 Kg7 41.h5 Kh7 42.Bf2 Rc4
43.g4 Nf4+ 44.Kh4 Nd3 45.Bg3 Nc5 46.Kh3 b3 47.Bh4 Rc3+ 48.g3 Ne4 49.Bf6 Nxf6
50.exf6 e5 51.g5 e4 52.g6+ fxg6 53.f7  1-0

[Event "2nd IECC"]
[Site "Ohrid MKD"]
[Date "2001.06.07"]
[Round "7"]
[White "Ekstroem,R"]
[Black "Chuchelov,V"]
[Result "1/2-1/2"]
[WhiteElo "2492"]
[BlackElo "2550"]

1.e4 c5 2.c3 Nf6 3.e5 Nd5 4.Nf3 e6 5.Bc4 d6 6.d4 cxd4 7.cxd4 Nb6 8.Bd3 dxe5
9.dxe5 Be7 10.O-O Bd7 11.Nc3 Bc6 12.Bf4 Nd5 13.Bg3 Nxc3 14.bxc3 Nd7 15.Nd4 Nc5
16.Bc2 Rc8 17.Qg4 g6 18.h4 h5 19.Qf4 Bd5 20.Nb5 Nd7 21.Rfd1 Rc5 22.Nd6+ Bxd6
23.exd6 Bc6 24.Re1 O-O 25.Re3 Qf6 26.Qb4 Rc8 27.Rae1 a5 28.Qa3 Bd5 29.Bb3 R8c6
30.c4 Bxc4 31.Bxc4 Rxc4 32.Qxa5 b6 33.Qa7 Qd8 34.Kh2 Rxh4+ 35.Bxh4 Qxh4+
36.Kg1 Rxd6 37.Qa8+ Kg7 38.Qa3 Qd4 39.Re4 Qd2 40.R4e2 Qd5 41.Qc3+ Qd4 42.Qxd4+ Rxd4
43.Rb2 Kf6 44.Kf1 Ke7 45.g3 h4 46.gxh4 Rxh4 47.Re3 Rc4 48.Ra3 Rc7 49.Ra8 Rc1+  1/2-1/2

[Event "White Nights"]
[Site "St Petersburg RUS"]
[Date "2001.06.09"]
[Round "1"]
[White "Burtasova,A"]
[Black "Vulfson,V"]
[Result "0-1"]
[WhiteElo "2077"]
[BlackElo "2412"]

1.e4 c5 2.c3 Nf6 3.e5 Nd5 4.d4 cxd4 5.Nf3 Nc6 6.Bc4 Nb6 7.Bb3 g6 8.O-O Bg7
9.Bg5 O-O 10.cxd4 d6 11.Nc3 Bg4 12.Re1 dxe5 13.dxe5 Qxd1 14.Bxd1 h6 15.Bh4 Rfd8
16.h3 Be6 17.Bb3 Bxb3 18.axb3 Nd5 19.Nb5 Ndb4 20.Re2 a6 21.Nc3 Nd3 22.Bg3 Nc5
23.Na4 Nxb3 24.Ra3 Nbd4 25.Re4 Nxf3+ 26.Rxf3 Rd1+ 27.Kh2 Rad8 28.Nc3 Rf1
29.Rfe3 Rd2 30.Re2 Rd3 31.R2e3 Rd8 32.Bh4 Rd2 33.Re2 Rxe2 34.Rxe2 Bxe5+ 35.Bg3 Bd4  0-1

[Event "White Nights"]
[Site "St Petersburg RUS"]
[Date "2001.06.09"]
[Round "1"]
[White "Kharashkina,B"]
[Black "Fominyh,A"]
[Result "0-1"]
[WhiteElo "2173"]
[BlackElo "2571"]

1.e4 c5 2.c3 Nf6 3.e5 Nd5 4.d4 cxd4 5.Nf3 Nc6 6.Bc4 Nb6 7.Bb3 g6 8.Ng5 d5
9.exd6 e6 10.Qf3 Ne5 11.Qg3 Bg7 12.cxd4 Nc6 13.Ne4 Nxd4 14.Nbc3 O-O 15.O-O a5
16.Bg5 f6 17.Be3 Nf5 18.Bxb6 Qxb6 19.Qd3 Nd4 20.Na4 Qb4 21.Nec5 Nxb3 22.Qxb3 Rd8
23.Qxb4 axb4 24.Nb6 Ra5 25.Rac1 Bh6 26.f4 Bf8 27.Nb3 Rxa2 28.Nxc8 Rxb2 29.Nd4 Bxd6
30.Nxe6 Re8 31.Rfe1 Bb8 32.g3 Rd2 33.g4 Kf7 34.f5 gxf5 35.gxf5 Rg8+ 36.Kf1 Bxh2
37.Nd8+ Rdxd8 38.Re7+ Kf8 39.Kf2 Rg7 40.Re6 Be5 41.Nb6 Rg5 42.Ke2 Bc3 43.Na4 Bd4
44.Nc5 Rxf5 45.Nxb7 Rb8 46.Kd3 Rd5  0-1

[Event "IHEM"]
[Site "Hamburg GER"]
[Date "2001.06.10"]
[Round "9"]
[White "Engelbert,C"]
[Black "Putzbach,G"]
[Result "1-0"]
[WhiteElo "2238"]
[BlackElo "2235"]

1.e4 c5 2.c3 Nf6 3.e5 Nd5 4.d4 e6 5.Nf3 cxd4 6.cxd4 Be7 7.Bc4 Nb6 8.Bd3 Nc6
9.Nc3 d5 10.exd6 Bxd6 11.a3 a6 12.O-O Be7 13.Be3 O-O 14.Qe2 Bd7 15.Rfd1 Rc8
16.Rac1 Be8 17.b4 Nd5 18.Nxd5 exd5 19.Ne5 Nxe5 20.dxe5 Ba4 21.Rxc8 Qxc8 22.Rc1 Qd7
23.Qf3 g6 24.Bd4 Rc8 25.Rxc8+ Qxc8 26.Qe3 Bb5 27.Bxb5 axb5 28.g3 Qf5 29.Kg2 h5
30.Qf3 Qe6 31.Qd3 Qd7 32.Bc3 Qc6 33.Qd4 Qc4 34.Qxc4 bxc4 35.Kf3 Bg5 36.a4 Kf8
37.Ke2 Bc1 38.a5 Ke7 39.f4 Kd7 40.b5 Ba3 41.Ke3 Bc5+ 42.Bd4 Bb4 43.a6 bxa6
44.bxa6 Kc6 45.h3 Ba5 46.g4 hxg4 47.hxg4 Bd8 48.Kd2 Ba5+ 49.Kc2 Bb4 50.Kd1 Be7
51.Ke2 Bb4 52.Ke3 Be7 53.f5 gxf5 54.gxf5 Ba3 55.Kf4 Bb4 56.e6 fxe6 57.fxe6 Bd6+
58.Kf5 c3 59.Bxc3 Kb6 60.Kf6 Kxa6 61.Kf7 Kb5 62.Bg7 d4 63.Bxd4 Kc4 64.Bf6 Kd5
65.Be7 Bg3 66.Bb4 Bh4  1-0

[Event "White Nights"]
[Site "St Petersburg RUS"]
[Date "2001.06.11"]
[Round "3"]
[White "Burtasova,A"]
[Black "Alagulian,K"]
[Result "0-1"]
[WhiteElo "2077"]
[BlackElo "2226"]

1.e4 c5 2.c3 Nf6 3.e5 Nd5 4.d4 cxd4 5.Nf3 Nc6 6.Bc4 Nb6 7.Bb3 g6 8.Ng5 d5
9.cxd4 h6 10.Nf3 Bg4 11.Be3 Bg7 12.Nc3 O-O 13.O-O Na5 14.Bc2 Rc8 15.h3 Bxf3
16.Qxf3 Nbc4 17.Bc1 Nc6 18.Qxd5 Nxd4 19.Be4 Nxe5 20.Qxb7 Rc7 21.Qa6 Kh7 22.Be3 f5
23.Bd5 Nc2 24.Rad1 Nxe3 25.Bg8+ Rxg8 26.Rxd8 Rxd8 27.fxe3 Nc4 28.Nb5 Rcd7
29.e4 Ne3 30.Re1 f4 31.Nc3 Rd2 32.Ne2 Rd1 33.Nxf4 Rxe1+ 34.Kf2 Rd6 35.Qxa7 Rf1+
36.Kxe3 Bd4+ 37.Qxd4 Rxd4 38.Kxd4 Rxf4 39.b4 Rf2 40.a4 Rxg2 41.a5 Ra2 42.Kc5 h5
43.Kb6 g5 44.a6 g4 45.hxg4 hxg4  0-1

[Event "zt 2.4"]
[Site "Sao Paulo BRA"]
[Date "2001.06.13"]
[Round "6"]
[White "Pelikian,J"]
[Black "Oblitas,C"]
[Result "1-0"]
[WhiteElo "2415"]
[BlackElo "2404"]

1.e4 c5 2.c3 Nf6 3.e5 Nd5 4.d4 cxd4 5.Nf3 Nc6 6.cxd4 d6 7.Nc3 e6 8.Bb5 Nxc3
9.bxc3 Bd7 10.exd6 Bxd6 11.O-O Ne7 12.Bd3 Ng6 13.Re1 Be7 14.Be4 Bc6 15.Bxc6+ bxc6
16.Qa4 Qc7 17.h4 h5 18.g3 O-O 19.Ba3 Rfd8 20.Bxe7 Nxe7 21.Re5 Rd5 22.Rae1 Rad8
23.c4 Rxe5 24.Rxe5 g6 25.Ra5 Rd7 26.Qb4 Nf5 27.Kg2 Nxd4 28.Ne5 Rd8 29.Qc5 Qb6
30.Qe7 Rf8 31.Qxf8+ Kxf8 32.Nd7+ Kg7 33.Nxb6 axb6 34.Ra6 b5 35.cxb5 cxb5
36.Rd6 e5 37.f4 f6 38.Rd7+ Kh6 39.fxe5 fxe5 40.Rd5 b4 41.Rxe5 b3 42.a4 b2
43.Re1 Ne2 44.Rb1 Nc3 45.Rxb2 Nxa4 46.Rb5 Nc3 47.Re5 Na4 48.Kf3 Nb6 49.Kf4 Nc4
50.Re6 Nd2 51.Re2 Nc4 52.Re6 Nd2 53.Rc6 Nb3 54.Ke5 Kg7 55.Rc7+ Kh6 56.Rc2 Kg7
57.Kd5 Kf6 58.Rb2 Nc1 59.Rf2+  1-0

[Event "White Nights"]
[Site "St Petersburg RUS"]
[Date "2001.06.13"]
[Round "5"]
[White "Burtasova,A"]
[Black "Smirnov,Ar"]
[Result "0-1"]
[WhiteElo "2077"]
[BlackElo "2246"]

1.e4 c5 2.c3 Nf6 3.e5 Nd5 4.d4 cxd4 5.Nf3 Nc6 6.Bc4 Nb6 7.Bb3 d5 8.exd6 Qxd6
9.O-O Be6 10.Na3 dxc3 11.Qe2 Bxb3 12.Nb5 Qb8 13.axb3 g6 14.Rd1 Bg7 15.Nd6+ Kf8
16.Nxf7 Kxf7 17.Ng5+ Ke8 18.Qe6 Ne5 19.Be3 c2 20.Rdc1 Nbd7 21.f4 Nf8 22.Qd5 h6
23.Ne4 Nc6 24.Rxc2 Qd8 25.Qb5 Bd4 26.Bxd4 Qxd4+ 27.Nf2 Qd7 28.Rd1 Qc7 29.Rcd2 Kf7
30.Ne4 Qb6+  0-1

[Event "White Nights"]
[Site "St Petersburg RUS"]
[Date "2001.06.14"]
[Round "6"]
[White "Potkin,V"]
[Black "Grachev,B"]
[Result "1/2-1/2"]
[WhiteElo "2512"]
[BlackElo "2360"]

1.e4 c5 2.c3 Nf6 3.e5 Nd5 4.Nf3 Nc6 5.d4 cxd4 6.cxd4 d6 7.Bc4 Nb6 8.Bb5 dxe5
9.Nxe5 Bd7 10.Nxd7 Qxd7 11.Nc3 e6 12.O-O a6 13.Bxc6 Qxc6 14.Bg5 Bb4 15.Qg4 Bxc3
16.Rac1 f6 17.Bf4 Qd7 18.bxc3 O-O 19.c4 e5 20.Qxd7  1/2-1/2

[Event "5th Open"]
[Site "Voronezh RUS"]
[Date "2001.06.14"]
[Round "3"]
[White "Ivanov,Vic"]
[Black "Simantsev,M"]
[Result "1-0"]
[WhiteElo "2451"]
[BlackElo "2396"]

1.e4 c5 2.c3 Nf6 3.e5 Nd5 4.Nf3 Nc6 5.d4 cxd4 6.Bc4 Nb6 7.Bb3 d5 8.exd6 Qxd6
9.O-O Be6 10.Bxe6 Qxe6 11.Nxd4 Nxd4 12.Qxd4 Rd8 13.Qh4 h5 14.h3 f6 15.Nd2 g5
16.Qg3 g4 17.h4 Qe2 18.Nb3 e5 19.Be3 Nd5 20.Rfe1 Qxb2 21.Bd4 Kf7 22.Bxe5 fxe5
23.Qxe5 Qxc3 24.Qe6+ Kg7 25.Re5 Nf6 26.Rg5+ Kh6 27.Qf5 Rg8 28.Rc1 Qb2 29.Rxg8 Nxg8
30.Qg5+ Kh7 31.Qxd8  1-0

[Event "TSGM"]
[Site "Belgrade YUG"]
[Date "2001.06.17"]
[Round "2"]
[White "Pap,M"]
[Black "Simic,R"]
[Result "1/2-1/2"]
[WhiteElo "2416"]
[BlackElo "2429"]

1.e4 c5 2.c3 Nf6 3.e5 Nd5 4.d4 cxd4 5.Nf3 e6 6.cxd4 d6 7.a3 Bd7 8.Bd3 Bc6
9.O-O Nd7 10.b4 a6 11.Bd2 Be7 12.Nc3 Nxc3 13.Bxc3 O-O 14.Qe2 Rc8 15.Rac1  1/2-1/2

[Event "Hotel Lippa GM"]
[Site "Szentgotthard HUN"]
[Date "2001.06.19"]
[Round "7"]
[White "Hoelzl,F"]
[Black "Rajlich,V"]
[Result "1-0"]
[WhiteElo "2381"]
[BlackElo "2337"]

1.e4 c5 2.c3 Nf6 3.d3 Nc6 4.Nf3 g6 5.a3 Bg7 6.b4 d6 7.Bb2 O-O 8.Be2 Nh5 9.b5 Qb6
10.a4 Nf4 11.O-O f5 12.Nbd2 Nd8 13.d4 fxe4 14.Nxe4 Bg4 15.Ned2 cxd4 16.cxd4 Nde6
17.Re1 a6 18.a5 Nxe2+ 19.Qxe2 Qxb5 20.Qxb5 axb5 21.h3 Bxf3 22.Nxf3 Kf7 23.Ra3 Bf6
24.d5 Nc7 25.Bxf6 exf6 26.Rc3 Nxd5 27.Rd3 Nb4 28.Rxd6 Rfd8 29.Rb6 Rd7 30.Rxb5 Nc6
31.Ra1 Ra7 32.Nh2 Nd4 33.Rb6 Nc2 34.Rab1 Na3 35.Rc1 Rxa5 36.Ng4 Ra6 37.Rxa6 bxa6
38.Rc6 Ra7 39.Nxf6 h5 40.Nd5 a5 41.Nf4 a4 42.Nxg6 Nb5 43.Ne5+ Kg7 44.Rc1 a3
45.Ra1 Rc7 46.Nd3 Rc2 47.g3 Kf6 48.Kg2 Rd2 49.Nb4 Rb2 50.Nd5+ Ke5 51.Ne3 Kd4
52.g4 hxg4 53.hxg4 a2 54.g5 Nc3 55.g6 Rb6 56.g7 Rg6+ 57.Kf3 Kd3 58.Nf5 Kc2
59.Rh1 Nb1 60.Rh6 a1=Q 61.Rxg6 Nd2+ 62.Kf4 Qa4+ 63.Kg3 Ne4+ 64.Kg2 Nd2 65.Ne3+ Kd3
66.Rg3 Qe4+ 67.Kg1 Ke2 68.g8=Q Qb1+ 69.Kh2 Kxf2 70.Qf7+ Ke2 71.Qh5+ Kf2 72.Rg2+ Kxe3
73.Qe2+  1-0

[Event "Hotel Lippa GM"]
[Site "Szentgotthard HUN"]
[Date "2001.06.21"]
[Round "9"]
[White "Estrada Nieto,J"]
[Black "Fercec,N"]
[Result "1/2-1/2"]
[WhiteElo "2371"]
[BlackElo "2433"]

1.e4 c5 2.c3 Nf6 3.e5 Nd5 4.Nf3 e6 5.Bc4 d6 6.exd6 Bxd6 7.d4 Nc6 8.O-O cxd4
9.cxd4 O-O 10.Nc3 Nxc3 11.bxc3 Qc7 12.Bd3 Bf4 13.Qe2 g6 14.Qe4 Bxc1 15.Raxc1 Bd7
16.Qh4 f6 17.Rfe1 Rae8 18.Qh6 Bc8 19.Re4 Qg7 20.Qd2 e5 21.dxe5 f5 22.Re3 f4
23.Bc4+ Kh8 24.Re4 Bf5 25.Ree1 Nxe5 26.Nxe5 Rxe5  1/2-1/2

[Event "5th Open"]
[Site "Voronezh RUS"]
[Date "2001.06.21"]
[Round "9"]
[White "Vysochin,S"]
[Black "Bairachny,R"]
[Result "1-0"]
[WhiteElo "2527"]
[BlackElo "2428"]

1.e4 c5 2.c3 Nf6 3.e5 Nd5 4.Nf3 Nc6 5.d4 cxd4 6.Bc4 Nb6 7.Bb3 d6 8.exd6 Qxd6
9.O-O Be6 10.Na3 Bxb3 11.Qxb3 g6 12.Nb5 Qd7 13.Re1 Nd5 14.Qxd5  1-0

[Event "TCh-Europe Boys U18"]
[Site "Balatonlelle HUN"]
[Date "2001.06.23"]
[Round "2"]
[White "Lednicky,M"]
[Black "Areshchenko,A"]
[Result "0-1"]
[WhiteElo "2180"]
[BlackElo "2437"]

1.e4 c5 2.c3 Nf6 3.e5 Nd5 4.d4 cxd4 5.cxd4 e6 6.Nc3 Nxc3 7.bxc3 Qc7 8.Bd2 d6
9.Nf3 Nd7 10.exd6 Bxd6 11.Bd3 b6 12.O-O Bb7 13.h3 O-O 14.Re1 g6 15.Be4 Rfe8
16.Bxb7 Qxb7 17.Qb3 Rac8 18.Ng5 Nf6 19.c4 Qc7 20.Qf3 Qd8 21.Rac1 h6 22.Ne4 Nxe4
23.Rxe4 Bf8 24.h4 f5 25.Re2 Qxd4 26.Qg3 Qg4 27.Qxg4 fxg4 28.Re4 h5 29.Bg5 Bc5
30.Kf1 Rf8 31.Rc2 Rc6 32.Rce2 Rd6 33.Be3 Rd1+ 34.Re1 Rxe1+ 35.Kxe1 Bxe3 36.Rxe3 Kf7
37.Ra3 a5 38.c5 bxc5 39.Rxa5 Rc8 40.Kd2 Kf6 41.Kc3 Ke5 42.Kc4 Rf8 43.Rxc5+ Ke4
44.f3+ gxf3 45.gxf3+ Kxf3 46.Rg5 Rf4+ 47.Kb3 Rxh4 48.Rxg6 e5 49.a4 e4 50.a5 e3
51.a6 Rd4 52.a7 Rd8 53.Rf6+ Kg3 54.Rg6+ Kf2 55.Rf6+ Ke1 56.Ra6 Ra8 57.Kc3 e2
58.Kd3 Rd8+ 59.Kc3 Kf2 60.Rf6+ Kg3 61.Re6 Ra8 62.Rxe2 Rxa7 63.Re8 Rd7 64.Rg8+ Kh3
65.Rg5 h4 66.Kc2 Kh2 67.Rg4 h3 68.Rg6 Kh1 69.Rg5 h2 70.Rg6 Rf7 71.Kd2 Rf1
72.Ke3 Rg1 73.Ra6 Kg2 74.Rg6+ Kf1 75.Rf6+ Ke1 76.Ra6 Rg3+ 77.Kf4 Rf3+ 78.Kg4 Rf1  0-1

[Event "Savic-Mauzer Mem"]
[Site "Bijeljina YUG"]
[Date "2001.06.23"]
[Round "8"]
[White "Sekulic,V"]
[Black "Milu,R"]
[Result "0-1"]
[WhiteElo "2305"]
[BlackElo "2433"]

1.e4 c5 2.c3 Nf6 3.e5 Nd5 4.Nf3 e6 5.d4 cxd4 6.cxd4 d6 7.Bc4 Nd7 8.O-O N7b6
9.Bb3 Bd7 10.Nc3 Nxc3 11.bxc3 Rc8 12.c4 Nxc4 13.d5 Be7 14.Bxc4 Rxc4 15.Ba3 O-O
16.Bxd6 Bxd6 17.exd6 Rc5 18.Qb3 Rxd5 19.Qxb7 Rxd6 20.Qxa7 Bc6 21.Ne5 Bxg2
22.Kxg2 Qg5+ 23.Kh1 Qxe5 24.Qb7 Rd2 25.Qg2 Qa5 26.a4 Rd4 27.Qc6 g6 28.Rfe1 Qa8
29.Rac1 Rxa4 30.Qxa8 Rfxa8 31.Rc7 Ra1 32.Rxa1 Rxa1+ 33.Kg2 Ra3 34.f3 Kg7
35.h4 h6 36.Rc5 Rd3 37.Kg3 Rd5 38.Rc7 g5 39.h5 Rd4  0-1